000 00744nam a2200121Ia 4500
008 220620s9999||||xx |||||||||||||| ||und||
245 0 _aAustralia goes to Washington: 75 years of Australian representation in the United States, 1940–2015
546 _aEnglish[eng]
650 _aaustralia||diplomats||diplomacy||united states||international relations||ANZUS||Canberra||Gough Whitlam
700 _aLowe, David||Lee, David||Bridge, Carl
856 _uhttps://library.oapen.org/bitstream/20.500.12657/31873/1/624269.pdf||https://library.oapen.org/bitstream/20.500.12657/31873/1/624269.pdf||https://library.oapen.org/bitstream/20.500.12657/31873/1/624269.pdf||https://library.oapen.org/bitstream/20.500.12657/31873/1/624269.pdf
942 _cEB
999 _c31668
_d31668